[Event "DEM U12 2025"]
[Site "Willingen GER"]
[Date "2025.06.10"]
[Round "4"]
[White "Li, Yunqi"]
[Black "Nezhyvenko, Mykhaylo"]
[Result "0-1"]
[Termination "normal"]
[Board "1"]
[WhiteElo "2124"]
[BlackElo "2165"]
[WhiteClock "00:17:02"]
[BlackClock "00:26:51"]
[PlyCount "68"]
[WhiteFideId "34610618"]
[BlackFideId "34139885"]
[EventCountry "GER"]
[EventRounds "9"]
[EventType "swiss"]
[EventDate "2025.06.07"]

1. d4 {[%clk 01:30:57]} {[%emt 00:00:02]} d5 {[%clk 01:30:54]} {[%emt
00:00:06]} 2. c4 {[%clk 01:31:20]} {[%emt 00:00:07]} e6 {[%clk 01:31:17]}
{[%emt 00:00:08]} 3. Nc3 {[%clk 01:31:43]} {[%emt 00:00:07]} Nf6 {[%clk
01:31:41]} {[%emt 00:00:06]} 4. cxd5 {[%clk 01:31:57]} {[%emt 00:00:15]} exd5
{[%clk 01:32:09]} {[%emt 00:00:03]} 5. Bg5 {[%clk 01:32:14]} {[%emt 00:00:13]}
c6 {[%clk 01:32:35]} {[%emt 00:00:03]} 6. e3 {[%clk 01:32:27]} {[%emt
00:00:17]} h6 {[%clk 01:32:57]} {[%emt 00:00:09]} 7. Bh4 {[%clk 01:32:41]}
{[%emt 00:00:16]} Be7 {[%clk 01:33:22]} {[%emt 00:00:06]} 8. Bd3 {[%clk
01:33:03]} {[%emt 00:00:07]} O-O {[%clk 01:33:44]} {[%emt 00:00:07]} 9. Qc2
{[%clk 01:33:22]} {[%emt 00:00:11]} Re8 {[%clk 01:33:58]} {[%emt 00:00:17]} 10.
Nge2 {[%clk 01:33:25]} {[%emt 00:00:26]} Nbd7 {[%clk 01:34:21]} {[%emt
00:00:08]} 11. O-O {[%clk 01:33:23]} {[%emt 00:00:31]} Nf8 {[%clk 01:34:45]}
{[%emt 00:00:07]} 12. f3 {[%clk 01:32:54]} {[%emt 00:00:58]} b5 {[%clk
01:35:05]} {[%emt 00:00:10]} 13. Kh1 {[%clk 01:31:26]} {[%emt 00:01:59]} a5
{[%clk 01:29:03]} {[%emt 00:06:33]} 14. Rad1 {[%clk 01:28:21]} {[%emt
00:03:34]} Qb6 {[%clk 01:28:49]} {[%emt 00:00:44]} 15. e4 {[%clk 01:22:28]}
{[%emt 00:06:23]} dxe4 {[%clk 01:18:05]} {[%emt 00:11:14]} 16. fxe4 {[%clk
01:22:39]} {[%emt 00:00:19]} Be6 {[%clk 01:16:47]} {[%emt 00:01:47]} 17. Bxf6
{[%clk 01:09:57]} {[%emt 00:13:12]} Bxf6 {[%clk 01:17:07]} {[%emt 00:00:10]}
18. e5 {[%clk 01:09:58]} {[%emt 00:00:29]} Be7 {[%clk 01:13:32]} {[%emt
00:04:06]} 19. Qd2 {[%clk 01:09:55]} {[%emt 00:00:33]} Bg5 {[%clk 01:13:07]}
{[%emt 00:00:55]} 20. Qe1 {[%clk 01:10:18]} {[%emt 00:00:06]} Qd8 {[%clk
01:06:33]} {[%emt 00:07:04]} 21. Qg3 {[%clk 01:07:38]} {[%emt 00:03:10]} Bh4
{[%clk 01:03:58]} {[%emt 00:03:06]} 22. Qf3 {[%clk 01:07:56]} {[%emt 00:00:12]}
Qd7 {[%clk 01:01:37]} {[%emt 00:02:50]} 23. h3 {[%clk 01:05:48]} {[%emt
00:02:38]} b4 {[%clk 00:53:57]} {[%emt 00:08:11]} 24. Na4 {[%clk 01:02:05]}
{[%emt 00:04:12]} Bd5 {[%clk 00:53:59]} {[%emt 00:00:28]} 25. Be4 {[%clk
01:02:28]} {[%emt 00:00:07]} Rad8 {[%clk 00:45:44]} {[%emt 00:08:45]} 26. Nc5
{[%clk 00:59:28]} {[%emt 00:03:31]} Qc7 {[%clk 00:43:30]} {[%emt 00:02:44]} 27.
Bxd5 {[%clk 00:56:19]} {[%emt 00:03:39]} Rxd5 {[%clk 00:38:03]} {[%emt
00:05:56]} 28. Ne4 {[%clk 00:50:39]} {[%emt 00:06:10]} Ng6 {[%clk 00:34:46]}
{[%emt 00:03:48]} 29. Rc1 {[%clk 00:41:26]} {[%emt 00:09:43]} Qe7 {[%clk
00:31:42]} {[%emt 00:03:33]} 30. Rxc6 {[%clk 00:39:00]} {[%emt 00:02:56]} Rxe5
{[%clk 00:30:15]} {[%emt 00:01:58]} 31. N2g3 {[%clk 00:27:08]} {[%emt
00:12:21]} Rxe4 {[%clk 00:26:06]} {[%emt 00:04:40]} 32. Nxe4 {[%clk 00:27:03]}
{[%emt 00:00:34]} Qxe4 {[%clk 00:26:34]} {[%emt 00:00:03]} 33. Qxf7+ {[%clk
00:16:57]} {[%emt 00:10:36]} Kh7 {[%clk 00:26:54]} {[%emt 00:00:10]} 34. Rf5
{[%clk 00:17:02]} {[%emt 00:00:24]} Qxc6 {[%clk 00:26:51]} 0-1

[Event "DEM U12 2025"]
[Site "Willingen GER"]
[Date "2025.06.10"]
[Round "4"]
[White "Fadeev, Justin Michael"]
[Black "Belin, Anton"]
[Result "0-1"]
[Termination "normal"]
[Board "2"]
[WhiteElo "2060"]
[BlackElo "2061"]
[WhiteClock "00:28:49"]
[BlackClock "00:36:15"]
[PlyCount "86"]
[WhiteFideId "34602968"]
[BlackFideId "34610952"]
[EventCountry "GER"]
[EventRounds "9"]
[EventType "swiss"]
[EventDate "2025.06.07"]

1. e4 {[%clk 01:30:55]} {[%emt 00:00:05]} c5 {[%clk 01:30:46]} {[%emt
00:00:14]} 2. Nf3 {[%clk 01:31:20]} {[%emt 00:00:04]} d6 {[%clk 01:30:45]}
{[%emt 00:00:32]} 3. d4 {[%clk 01:31:45]} {[%emt 00:00:05]} cxd4 {[%clk
01:30:54]} {[%emt 00:00:21]} 4. Nxd4 {[%clk 01:32:00]} {[%emt 00:00:14]} Nf6
{[%clk 01:30:56]} {[%emt 00:00:29]} 5. Nc3 {[%clk 01:32:24]} {[%emt 00:00:05]}
a6 {[%clk 01:30:56]} {[%emt 00:00:31]} 6. Be3 {[%clk 01:31:50]} {[%emt
00:01:04]} e6 {[%clk 01:30:24]} {[%emt 00:01:01]} 7. f3 {[%clk 01:31:07]}
{[%emt 00:01:13]} b5 {[%clk 01:29:55]} {[%emt 00:00:59]} 8. Qd2 {[%clk
01:30:46]} {[%emt 00:00:51]} b4 {[%clk 01:28:25]} {[%emt 00:02:01]} 9. Na4
{[%clk 01:24:46]} {[%emt 00:06:30]} Nbd7 {[%clk 01:27:58]} {[%emt 00:00:56]}
10. Qxb4 {[%clk 01:20:30]} {[%emt 00:04:46]} d5 {[%clk 01:25:07]} {[%emt
00:03:22]} 11. Qc3 {[%clk 01:15:44]} {[%emt 00:05:15]} dxe4 {[%clk 01:18:54]}
{[%emt 00:06:43]} 12. fxe4 {[%clk 01:11:24]} {[%emt 00:04:50]} Bb7 {[%clk
01:16:38]} {[%emt 00:02:49]} 13. Bd3 {[%clk 01:06:18]} {[%emt 00:05:33]} Nxe4
{[%clk 01:13:59]} {[%emt 00:03:09]} 14. Bxe4 {[%clk 01:04:59]} {[%emt
00:01:49]} Qh4+ {[%clk 01:06:58]} {[%emt 00:07:31]} 15. g3 {[%clk 00:56:30]}
{[%emt 00:08:59]} Qxe4 {[%clk 01:06:37]} {[%emt 00:00:51]} 16. O-O-O {[%clk
00:56:50]} {[%emt 00:00:10]} Bb4 {[%clk 00:43:40]} {[%emt 00:23:29]} 17. Qb3
{[%clk 00:51:19]} {[%emt 00:06:01]} Bd5 {[%clk 00:42:59]} {[%emt 00:01:10]} 18.
Qxb4 {[%clk 00:47:29]} {[%emt 00:04:20]} Qxe3+ {[%clk 00:42:30]} {[%emt
00:00:59]} 19. Kb1 {[%clk 00:45:47]} {[%emt 00:02:12]} Bxh1 {[%clk 00:41:07]}
{[%emt 00:01:53]} 20. Nf5 {[%clk 00:27:50]} {[%emt 00:18:28]} exf5 {[%clk
00:39:52]} {[%emt 00:01:45]} 21. Re1 {[%clk 00:27:03]} {[%emt 00:01:17]} Qxe1+
{[%clk 00:39:20]} {[%emt 00:01:02]} 22. Qxe1+ {[%clk 00:27:28]} {[%emt
00:00:06]} Be4 {[%clk 00:39:44]} {[%emt 00:00:05]} 23. Qb4 {[%clk 00:27:18]}
{[%emt 00:00:40]} a5 {[%clk 00:39:33]} {[%emt 00:00:42]} 24. Qd6 {[%clk
00:27:32]} {[%emt 00:00:15]} h5 {[%clk 00:39:18]} {[%emt 00:00:45]} 25. Nc5
{[%clk 00:26:03]} {[%emt 00:01:59]} Nxc5 {[%clk 00:38:32]} {[%emt 00:01:16]}
26. Qxc5 {[%clk 00:26:26]} {[%emt 00:00:07]} Rh6 {[%clk 00:38:43]} {[%emt
00:00:20]} 27. b3 {[%clk 00:26:33]} {[%emt 00:00:23]} Rc6 {[%clk 00:38:35]}
{[%emt 00:00:37]} 28. Qe5+ {[%clk 00:26:15]} {[%emt 00:00:48]} Kf8 {[%clk
00:38:35]} {[%emt 00:00:30]} 29. Kb2 {[%clk 00:26:37]} {[%emt 00:00:09]} Rxc2+
{[%clk 00:37:49]} {[%emt 00:01:15]} 30. Ka3 {[%clk 00:26:50]} {[%emt 00:00:17]}
Kg8 {[%clk 00:34:07]} {[%emt 00:04:13]} 31. h3 {[%clk 00:26:07]} {[%emt
00:01:13]} Rd8 {[%clk 00:33:47]} {[%emt 00:00:49]} 32. g4 {[%clk 00:25:02]}
{[%emt 00:01:35]} Rdd2 {[%clk 00:32:17]} {[%emt 00:02:00]} 33. b4 {[%clk
00:25:00]} {[%emt 00:00:33]} Rd3+ {[%clk 00:32:36]} {[%emt 00:00:11]} 34. Ka4
{[%clk 00:25:13]} {[%emt 00:00:17]} Rxa2+ {[%clk 00:33:01]} {[%emt 00:00:04]}
35. Kb5 {[%clk 00:25:39]} {[%emt 00:00:04]} Rd5+ {[%clk 00:33:26]} {[%emt
00:00:05]} 36. Kb6 {[%clk 00:25:59]} {[%emt 00:00:11]} Rxe5 {[%clk 00:33:50]}
{[%emt 00:00:06]} 37. gxf5 {[%clk 00:26:23]} {[%emt 00:00:06]} Rd2 {[%clk
00:34:10]} {[%emt 00:00:09]} 38. f6 {[%clk 00:26:48]} {[%emt 00:00:06]} Rd6+
{[%clk 00:34:34]} {[%emt 00:00:06]} 39. Kc7 {[%clk 00:27:14]} {[%emt 00:00:05]}
Rxf6 {[%clk 00:34:54]} {[%emt 00:00:09]} 40. h4 {[%clk 00:27:40]} {[%emt
00:00:05]} Re7+ {[%clk 00:35:17]} {[%emt 00:00:06]} 41. Kd8 {[%clk 00:28:05]}
{[%emt 00:00:04]} Kf8 {[%clk 00:35:28]} {[%emt 00:00:19]} 42. b5 {[%clk
00:28:26]} {[%emt 00:00:10]} Rb6 {[%clk 00:35:49]} {[%emt 00:00:09]} 43. Kc8
{[%clk 00:28:49]} {[%emt 00:00:07]} Bf5+ {[%clk 00:36:15]} {[%emt 00:00:04]}
0-1

[Event "DEM U12 2025"]
[Site "Willingen GER"]
[Date "2025.06.10"]
[Round "4"]
[White "Peglau, Paul David"]
[Black "Kottage, Nilash Nethul"]
[Result "1-0"]
[Termination "normal"]
[Board "4"]
[WhiteElo "1959"]
[BlackElo "1526"]
[WhiteClock "00:35:23"]
[BlackClock "00:19:17"]
[PlyCount "111"]
[WhiteFideId "16290550"]
[BlackFideId "29935768"]
[EventCountry "GER"]
[EventRounds "9"]
[EventType "swiss"]
[EventDate "2025.06.07"]

1. Nf3 {[%clk 01:30:50]} {[%emt 00:00:10]} d5 {[%clk 01:30:46]} {[%emt
00:00:15]} 2. d4 {[%clk 01:31:03]} {[%emt 00:00:17]} Nf6 {[%clk 01:31:01]}
{[%emt 00:00:14]} 3. c4 {[%clk 01:31:16]} {[%emt 00:00:17]} e6 {[%clk
01:31:21]} {[%emt 00:00:11]} 4. g3 {[%clk 01:31:32]} {[%emt 00:00:13]} c5
{[%clk 01:30:14]} {[%emt 00:01:38]} 5. cxd5 {[%clk 01:30:12]} {[%emt 00:01:49]}
exd5 {[%clk 01:29:36]} {[%emt 00:01:08]} 6. Bg2 {[%clk 01:30:04]} {[%emt
00:00:38]} Be6 {[%clk 01:19:40]} {[%emt 00:10:26]} 7. O-O {[%clk 01:29:46]}
{[%emt 00:00:48]} Nc6 {[%clk 01:18:48]} {[%emt 00:01:23]} 8. Nc3 {[%clk
01:27:51]} {[%emt 00:02:25]} a6 {[%clk 01:18:17]} {[%emt 00:01:01]} 9. Bg5
{[%clk 01:26:32]} {[%emt 00:01:48]} cxd4 {[%clk 01:08:58]} {[%emt 00:09:50]}
10. Nxd4 {[%clk 01:26:37]} {[%emt 00:00:24]} Be7 {[%clk 01:04:30]} {[%emt
00:04:57]} 11. Nxc6 {[%clk 01:09:18]} {[%emt 00:17:51]} bxc6 {[%clk 01:03:57]}
{[%emt 00:01:03]} 12. e4 {[%clk 01:07:14]} {[%emt 00:02:34]} d4 {[%clk
00:56:05]} {[%emt 00:08:22]} 13. e5 {[%clk 01:07:00]} {[%emt 00:00:44]} Nd5
{[%clk 00:55:37]} {[%emt 00:00:58]} 14. Bxd5 {[%clk 01:04:57]} {[%emt
00:02:33]} cxd5 {[%clk 00:42:29]} {[%emt 00:13:37]} 15. Bxe7 {[%clk 01:04:43]}
{[%emt 00:00:44]} Qxe7 {[%clk 00:41:07]} {[%emt 00:01:52]} 16. Qxd4 {[%clk
01:05:06]} {[%emt 00:00:08]} Qd7 {[%clk 00:41:22]} {[%emt 00:00:14]} 17. Rfd1
{[%clk 01:04:53]} {[%emt 00:00:43]} Rd8 {[%clk 00:41:38]} {[%emt 00:00:14]} 18.
Rd2 {[%clk 01:04:03]} {[%emt 00:01:19]} h5 {[%clk 00:39:32]} {[%emt 00:02:37]}
19. Qa4 {[%clk 01:03:50]} {[%emt 00:00:43]} Qxa4 {[%clk 00:39:41]} {[%emt
00:00:22]} 20. Nxa4 {[%clk 01:04:18]} {[%emt 00:00:01]} Ke7 {[%clk 00:40:10]}
21. Nc5 {[%clk 01:03:51]} {[%emt 00:00:57]} Ra8 {[%clk 00:35:39]} {[%emt
00:05:01]} 22. Nxe6 {[%clk 01:02:59]} {[%emt 00:01:22]} fxe6 {[%clk 00:35:52]}
{[%emt 00:00:18]} 23. Rc1 {[%clk 01:03:17]} {[%emt 00:00:11]} Rac8 {[%clk
00:35:58]} {[%emt 00:00:24]} 24. Rdc2 {[%clk 01:01:47]} {[%emt 00:02:00]} Rxc2
{[%clk 00:35:52]} {[%emt 00:00:36]} 25. Rxc2 {[%clk 01:02:16]} {[%emt
00:00:01]} Kd7 {[%clk 00:36:16]} {[%emt 00:00:07]} 26. f4 {[%clk 01:01:09]}
{[%emt 00:01:36]} Rb8 {[%clk 00:33:03]} {[%emt 00:03:43]} 27. Kf2 {[%clk
01:01:08]} {[%emt 00:00:31]} Rb4 {[%clk 00:32:46]} {[%emt 00:00:47]} 28. b3
{[%clk 00:57:29]} {[%emt 00:04:09]} a5 {[%clk 00:32:51]} {[%emt 00:00:25]} 29.
Ke3 {[%clk 00:55:34]} {[%emt 00:02:24]} a4 {[%clk 00:32:40]} {[%emt 00:00:43]}
30. bxa4 {[%clk 00:53:40]} {[%emt 00:02:24]} Rxa4 {[%clk 00:32:53]} {[%emt
00:00:16]} 31. Kf3 {[%clk 00:52:47]} {[%emt 00:01:23]} Ra3+ {[%clk 00:33:11]}
{[%emt 00:00:12]} 32. Kf2 {[%clk 00:52:31]} {[%emt 00:00:46]} g6 {[%clk
00:32:52]} {[%emt 00:00:49]} 33. Kg2 {[%clk 00:52:42]} {[%emt 00:00:19]} Re3
{[%clk 00:30:34]} {[%emt 00:02:47]} 34. Kh3 {[%clk 00:51:38]} {[%emt 00:01:35]}
Ke7 {[%clk 00:22:46]} {[%emt 00:08:17]} 35. Kh4 {[%clk 00:50:32]} {[%emt
00:01:37]} d4 {[%clk 00:22:45]} {[%emt 00:00:32]} 36. Rc4 {[%clk 00:45:34]}
{[%emt 00:05:28]} Re2 {[%clk 00:21:40]} {[%emt 00:01:35]} 37. h3 {[%clk
00:31:08]} {[%emt 00:14:56]} Rxa2 {[%clk 00:18:10]} {[%emt 00:03:59]} 38. Rxd4
{[%clk 00:31:29]} {[%emt 00:00:09]} Ra7 {[%clk 00:18:27]} {[%emt 00:00:14]} 39.
g4 {[%clk 00:30:41]} {[%emt 00:01:18]} hxg4 {[%clk 00:18:51]} {[%emt 00:00:05]}
40. hxg4 {[%clk 00:31:03]} {[%emt 00:00:08]} Rb7 {[%clk 00:18:53]} {[%emt
00:00:29]} 41. Kg5 {[%clk 00:31:19]} {[%emt 00:00:14]} Kf7 {[%clk 00:19:09]}
{[%emt 00:00:13]} 42. Rd8 {[%clk 00:31:35]} {[%emt 00:00:14]} Kg7 {[%clk
00:18:05]} {[%emt 00:01:31]} 43. Re8 {[%clk 00:32:00]} {[%emt 00:00:08]} Kf7
{[%clk 00:18:30]} {[%emt 00:00:05]} 44. Rh8 {[%clk 00:32:22]} {[%emt 00:00:09]}
Rb1 {[%clk 00:16:34]} {[%emt 00:02:25]} 45. Rh7+ {[%clk 00:32:45]} {[%emt
00:00:08]} Kg8 {[%clk 00:16:52]} {[%emt 00:00:12]} 46. Re7 {[%clk 00:32:37]}
{[%emt 00:00:37]} Rb6 {[%clk 00:16:49]} {[%emt 00:00:32]} 47. Kxg6 {[%clk
00:33:02]} {[%emt 00:00:07]} Kf8 {[%clk 00:17:02]} {[%emt 00:00:16]} 48. Rf7+
{[%clk 00:33:06]} {[%emt 00:00:27]} Kg8 {[%clk 00:17:16]} {[%emt 00:00:13]} 49.
Ra7 {[%emt 00:00:24]} Kf8 {[%clk 00:17:39]} 50. Kf6 {[%clk 00:33:42]} {[%emt
00:00:09]} Kg8 {[%clk 00:17:59]} {[%emt 00:00:10]} 51. Re7 {[%clk 00:33:26]}
{[%emt 00:00:46]} Rb4 {[%clk 00:18:17]} {[%emt 00:00:12]} 52. f5 {[%clk
00:33:48]} {[%emt 00:00:08]} exf5 {[%clk 00:18:43]} {[%emt 00:00:04]} 53. gxf5
{[%clk 00:34:14]} {[%emt 00:00:05]} Kf8 {[%clk 00:18:42]} {[%emt 00:00:30]} 54.
Ra7 {[%clk 00:34:34]} {[%emt 00:00:11]} Ke8 {[%clk 00:19:03]} {[%emt 00:00:09]}
55. e6 {[%clk 00:35:00]} {[%emt 00:00:04]} Rb8 {[%clk 00:19:17]} {[%emt
00:00:14]} 56. Rh7 {[%clk 00:35:23]} {[%emt 00:00:08]} 1-0

[Event "DEM U12 2025"]
[Site "Willingen GER"]
[Date "2025.06.10"]
[Round "4"]
[White "Gersemann, Karl"]
[Black "Richter, Felix"]
[Result "1-0"]
[Termination "normal"]
[Board "5"]
[WhiteElo "1982"]
[BlackElo "1867"]
[WhiteClock "00:10:41"]
[BlackClock "00:33:00"]
[PlyCount "127"]
[WhiteFideId "34602186"]
[BlackFideId "34631356"]
[EventCountry "GER"]
[EventRounds "9"]
[EventType "swiss"]
[EventDate "2025.06.07"]

1. e4 {[%emt 00:00:35]} c5 {[%clk 01:30:30]} 2. Nf3 {[%clk 01:31:17]} {[%emt
00:00:05]} a6 {[%clk 01:30:56]} {[%emt 00:00:07]} 3. c4 {[%clk 01:31:41]}
{[%emt 00:00:06]} Nc6 {[%clk 01:31:20]} {[%emt 00:00:06]} 4. d4 {[%clk
01:31:35]} {[%emt 00:00:34]} cxd4 {[%clk 01:31:45]} {[%emt 00:00:08]} 5. Nxd4
{[%clk 01:31:49]} {[%emt 00:00:11]} Nf6 {[%clk 01:31:56]} {[%emt 00:00:24]} 6.
Nc3 {[%clk 01:32:01]} {[%emt 00:00:17]} d6 {[%clk 01:32:10]} {[%emt 00:00:16]}
7. Be2 {[%clk 01:29:14]} {[%emt 00:03:16]} g6 {[%clk 01:31:32]} {[%emt
00:01:09]} 8. Be3 {[%clk 01:28:35]} {[%emt 00:01:08]} Bg7 {[%clk 01:31:49]}
{[%emt 00:00:15]} 9. f3 {[%clk 01:28:45]} {[%emt 00:00:20]} O-O {[%clk
01:29:22]} {[%emt 00:02:58]} 10. Qd2 {[%clk 01:28:52]} {[%emt 00:00:21]} Re8
{[%clk 01:25:30]} {[%emt 00:04:23]} 11. O-O {[%clk 01:28:31]} {[%emt 00:00:49]}
Nxd4 {[%clk 01:25:19]} {[%emt 00:00:43]} 12. Bxd4 {[%clk 01:28:49]} {[%emt
00:00:11]} Be6 {[%clk 01:25:35]} {[%emt 00:00:15]} 13. Rfd1 {[%clk 01:26:47]}
{[%emt 00:02:30]} Rc8 {[%clk 01:24:53]} {[%emt 00:01:14]} 14. b3 {[%clk
01:26:55]} {[%emt 00:00:21]} Nd7 {[%clk 01:24:53]} {[%emt 00:00:32]} 15. Bxg7
{[%clk 01:26:46]} {[%emt 00:00:37]} Kxg7 {[%clk 01:25:16]} {[%emt 00:00:08]}
16. Qd4+ {[%clk 01:26:55]} {[%emt 00:00:19]} f6 {[%clk 01:25:10]} {[%emt
00:00:38]} 17. Rac1 {[%clk 01:21:15]} {[%emt 00:06:08]} a5 {[%clk 01:24:08]}
{[%emt 00:01:34]} 18. Nd5 {[%clk 01:19:28]} {[%emt 00:02:17]} Bxd5 {[%clk
01:23:53]} {[%emt 00:00:47]} 19. exd5 {[%clk 01:19:50]} {[%emt 00:00:07]} Nc5
{[%clk 01:23:44]} {[%emt 00:00:39]} 20. f4 {[%clk 01:18:05]} {[%emt 00:02:14]}
Qd7 {[%clk 01:21:27]} {[%emt 00:02:46]} 21. Bf3 {[%clk 01:08:28]} {[%emt
00:10:07]} Rcd8 {[%clk 01:15:30]} {[%emt 00:06:24]} 22. g3 {[%clk 01:00:58]}
{[%emt 00:08:04]} Kf7 {[%clk 01:13:17]} {[%emt 00:02:44]} 23. Rc3 {[%clk
00:56:02]} {[%emt 00:05:24]} Qc7 {[%clk 01:07:05]} {[%emt 00:06:44]} 24. Kg2
{[%clk 00:44:21]} {[%emt 00:12:09]} Rh8 {[%clk 01:03:58]} {[%emt 00:03:33]} 25.
Re3 {[%clk 00:41:14]} {[%emt 00:03:40]} h5 {[%clk 01:00:51]} {[%emt 00:03:37]}
26. Rde1 {[%clk 00:39:42]} {[%emt 00:02:04]} Rde8 {[%clk 01:00:40]} {[%emt
00:00:42]} 27. a3 {[%clk 00:37:20]} {[%emt 00:02:51]} b6 {[%clk 00:56:22]}
{[%emt 00:04:48]} 28. Bd1 {[%clk 00:29:50]} {[%emt 00:08:00]} Qb7 {[%clk
00:44:41]} {[%emt 00:12:11]} 29. Kg1 {[%clk 00:29:08]} {[%emt 00:01:08]} Qa7
{[%clk 00:42:55]} {[%emt 00:02:20]} 30. b4 {[%clk 00:21:28]} {[%emt 00:08:10]}
axb4 {[%clk 00:42:58]} {[%emt 00:00:27]} 31. axb4 {[%clk 00:21:49]} {[%emt
00:00:07]} Nd7 {[%clk 00:43:15]} {[%emt 00:00:16]} 32. Bc2 {[%clk 00:19:01]}
{[%emt 00:03:17]} Rhg8 {[%clk 00:36:19]} {[%emt 00:07:25]} 33. Ra1 {[%clk
00:12:46]} {[%emt 00:06:45]} Qb7 {[%clk 00:35:42]} {[%emt 00:01:07]} 34. Rea3
{[%clk 00:12:02]} {[%emt 00:01:11]} Ra8 {[%clk 00:35:43]} {[%emt 00:00:31]} 35.
Ba4 {[%clk 00:12:12]} {[%emt 00:00:19]} Qc7 {[%clk 00:32:56]} {[%emt 00:03:18]}
36. Bxd7 {[%clk 00:12:05]} {[%emt 00:00:38]} Rxa3 {[%clk 00:33:17]} {[%emt
00:00:09]} 37. Be6+ {[%clk 00:12:27]} {[%emt 00:00:07]} Kg7 {[%clk 00:33:41]}
{[%emt 00:00:06]} 38. Rxa3 {[%clk 00:12:51]} {[%emt 00:00:06]} Rb8 {[%clk
00:33:43]} {[%emt 00:00:29]} 39. b5 {[%clk 00:11:11]} {[%emt 00:02:09]} Kh7
{[%clk 00:32:24]} {[%emt 00:01:49]} 40. Kf2 {[%clk 00:10:28]} {[%emt 00:01:14]}
Kg7 {[%clk 00:32:27]} {[%emt 00:00:28]} 41. h3 {[%clk 00:10:34]} {[%emt
00:00:23]} Rh8 {[%clk 00:31:34]} {[%emt 00:01:24]} 42. Ra6 {[%clk 00:10:25]}
{[%emt 00:00:38]} Rb8 {[%clk 00:31:47]} {[%emt 00:00:17]} 43. g4 {[%clk
00:10:16]} {[%emt 00:00:36]} hxg4 {[%clk 00:32:10]} {[%emt 00:00:11]} 44. hxg4
{[%clk 00:10:28]} {[%emt 00:00:15]} Kh7 {[%clk 00:32:19]} {[%emt 00:00:23]} 45.
g5 {[%clk 00:09:28]} {[%emt 00:01:30]} Kg7 {[%clk 00:32:05]} {[%emt 00:00:45]}
46. Kg3 {[%clk 00:09:29]} {[%emt 00:00:28]} Qb7 {[%clk 00:31:45]} {[%emt
00:00:40]} 47. Qa1 {[%clk 00:08:19]} {[%emt 00:01:49]} Re8 {[%clk 00:30:03]}
{[%emt 00:02:13]} 48. Ra7 {[%clk 00:07:27]} {[%emt 00:01:22]} Qb8 {[%clk
00:30:23]} {[%emt 00:00:09]} 49. Qxf6+ {[%clk 00:07:25]} {[%emt 00:00:32]} Kh7
{[%clk 00:30:23]} {[%emt 00:00:30]} 50. Rxe7+ {[%clk 00:07:36]} {[%emt
00:00:19]} Rxe7 {[%clk 00:30:34]} {[%emt 00:00:21]} 51. Qxe7+ {[%clk 00:07:55]}
{[%emt 00:00:10]} Kh8 {[%clk 00:30:56]} {[%emt 00:00:08]} 52. Qf6+ {[%clk
00:07:52]} {[%emt 00:00:34]} Kh7 {[%clk 00:31:07]} {[%emt 00:00:19]} 53. Qf7+
{[%clk 00:08:02]} {[%emt 00:00:18]} Kh8 {[%clk 00:31:22]} {[%emt 00:00:15]} 54.
Qxg6 {[%clk 00:08:20]} {[%emt 00:00:12]} Qf8 {[%clk 00:31:25]} {[%emt
00:00:27]} 55. Qf6+ {[%clk 00:08:30]} {[%emt 00:00:20]} Qxf6 {[%clk 00:31:15]}
{[%emt 00:00:42]} 56. gxf6 {[%clk 00:08:54]} {[%emt 00:00:05]} Kh7 {[%clk
00:31:25]} {[%emt 00:00:20]} 57. f7 {[%clk 00:09:15]} {[%emt 00:00:09]} Kg7
{[%clk 00:31:46]} {[%emt 00:00:10]} 58. Kg4 {[%clk 00:09:37]} {[%emt 00:00:06]}
Kf8 {[%clk 00:32:07]} {[%emt 00:00:11]} 59. Kg5 {[%clk 00:09:51]} {[%emt
00:00:10]} Kg7 {[%clk 00:32:30]} {[%emt 00:00:12]} 60. Kf5 {[%clk 00:10:10]}
{[%emt 00:00:09]} Kh7 {[%clk 00:32:49]} {[%emt 00:00:12]} 61. f8=R {[%clk
00:10:26]} {[%emt 00:00:14]} Kg7 {[%clk 00:32:20]} {[%emt 00:01:00]} 62. Rg8+
{[%clk 00:10:27]} {[%emt 00:00:28]} Kh7 {[%clk 00:32:37]} {[%emt 00:00:11]} 63.
Kf6 {[%clk 00:10:46]} {[%emt 00:00:12]} Kh6 {[%clk 00:33:00]} {[%emt 00:00:09]}
64. Rh8 {[%clk 00:10:41]} {[%emt 00:00:04]} 1-0